Бросок на северо-восток; Нефть России; № 11

Λεπτομέρειες βιβλιογραφικής εγγραφής
Parent link:Нефть России: аналитический журнал.— , 1996, 1999-2012
№ 11.— 2003.— С. 7-10
Άλλοι συγγραφείς: Симония Н., Андрианов В.
Γλώσσα:Ρωσικά
Έκδοση: 2003
Σειρά:Из первых уст
Θέματα:
Μορφή: MixedMaterials Κεφάλαιο βιβλίου
KOHA link:https://koha.lib.tpu.ru/cgi-bin/koha/opac-detail.pl?biblionumber=389153

MARC

LEADER 00000naa2a2200000 4500
001 389153
005 20231101063829.0
035 |a (RuTPU)RU\TPU\prd\21027 
090 |a 389153 
100 |a 20040105a2003 k y0rusy50 ca 
101 0 |a rus 
102 |a RU 
200 1 |a Бросок на северо-восток  |f [Беседа с] Н. Симония; [Беседовал] В. Андрианов 
225 1 |a Из первых уст 
461 1 |0 (RuTPU)RU\TPU\prd\1610  |t Нефть России  |o аналитический журнал  |d 1996, 1999-2012 
463 1 |0 (RuTPU)RU\TPU\prd\20510  |t № 11  |v С. 7-10  |d 2003 
610 1 |a углеводороды 
610 1 |a дальневосточное направление 
610 1 |a стратегические интересы 
610 1 |a Россия 
702 1 |a Симония  |b Н.  |4 460 
702 1 |a Андрианов  |b В.  |4 470 
801 1 |a RU  |b 63413507  |c 20040105  |g PSBO 
801 2 |a RU  |b 63413507  |c 20130802  |g RCR 
942 |c BK